[Event "Victoria op Online"]
[Site "chess.com"]
[Date "2021.01.03"]
[Round "5.3"]
[White "Kagaoan, Jose"]
[Black "Parpatt, Mark"]
[Result "0-1"]
[WhiteElo "1853"]
[BlackElo "1422"]
[PlyCount "110"]
[EventDate "2021.01.02"]
[EventType "swiss (rapid)"]
[EventRounds "5"]
[EventCountry "CAN"]

1. e4 c5 2. a3 Nc6 3. b4 e6 4. Bb2 Nf6 5. e5 Nd5 6. c4 Nc7 7. bxc5 Bxc5 8. d4
Bb6 9. Nf3 d5 10. c5 Ba5+ 11. Nc3 b6 12. cxb6 Bxb6 13. Bd3 Bd7 14. Bc2 Rb8 15.
Rb1 Na5 16. O-O Nb5 17. Re1 Nc4 18. Nxb5 Bxb5 19. Bc1 Ba5 20. Rxb5 Rxb5 21. Ba4
a6 22. Bxb5+ axb5 23. Re2 O-O 24. Qd3 Qe7 25. Ng5 g6 26. Nh3 f6 27. exf6 Qxf6
28. Nf4 Qf5 29. Qxf5 exf5 30. Nxd5 Rd8 31. Ne7+ Kf7 32. Nc6 Rd6 33. Re7+ Kf6
34. h4 f4 35. Bxf4 Rxc6 36. Bg5+ Kf5 37. Rxh7 Nxa3 38. f3 Rc7 39. g4+ Ke6 40.
Rh6 Rg7 41. h5 Kd5 42. Rxg6 Rf7 43. Rf6 Rg7 44. h6 Rb7 45. Rf5+ Ke6 46. d5+ Kd6
47. Bf4+ Kc5 48. Be5 Nc4 49. Bg7 Nd6 50. h7 Rb8 51. Bf8 Bc3 52. g5 b4 53. Rf7
b3 54. Rc7+ Kxd5 55. Rxc3 b2 0-1

[Event "Victoria op Online"]
[Site "chess.com"]
[Date "2021.01.03"]
[Round "5.4"]
[White "Pitre, Hanniegn"]
[Black "Gao, Justin"]
[Result "1-0"]
[WhiteElo "1818"]
[BlackElo "1415"]
[PlyCount "87"]
[EventDate "2021.01.02"]
[EventType "swiss (rapid)"]
[EventRounds "5"]
[EventCountry "CAN"]

1. e4 e5 2. f4 d6 3. Nf3 Nc6 4. Be2 Be6 5. Nc3 Qd7 6. f5 Bxf5 7. exf5 Qxf5 8.
Bb5 Nf6 9. O-O Be7 10. d4 O-O 11. Bxc6 bxc6 12. Nxe5 Qe6 13. Nxc6 Qd7 14. d5 h6
15. Qd4 Nh7 16. Ne4 f6 17. Ng3 Rf7 18. Nxe7+ Qxe7 19. Nf5 Qd7 20. Bxh6 g6 21.
Nh4 g5 22. Nf5 Re8 23. Bxg5 Rff8 24. Bh6 Rf7 25. Bd2 Rff8 26. Nh6+ Kh8 27. Rae1
Re5 28. Rxe5 dxe5 29. Qe4 Qg7 30. Qh4 Qg6 31. Nf5 Rg8 32. g3 Rf8 33. c4 Qf7 34.
b4 a6 35. a4 c6 36. dxc6 Qxc4 37. Qxc4 Ng5 38. Bxg5 fxg5 39. Qe6 Rxf5 40. Qxf5
a5 41. c7 Kg7 42. c8=R e4 43. Qf6+ Kh7 44. Rh8# 1-0

[Event "Victoria op Online"]
[Site "chess.com"]
[Date "2021.01.03"]
[Round "5.5"]
[White "Jaspal, Harleen Singh"]
[Black "Jayawardena, Dinusha"]
[Result "0-1"]
[WhiteElo "1348"]
[BlackElo "1629"]
[PlyCount "102"]
[EventDate "2021.01.02"]
[EventType "swiss (rapid)"]
[EventRounds "5"]
[EventCountry "CAN"]

1. e4 c5 2. Nf3 d6 3. Nc3 Nf6 4. h3 g6 5. Bb5+ Bd7 6. Qe2 Bg7 7. O-O a6 8.
Bxd7+ Qxd7 9. Nd5 Nxd5 10. exd5 O-O 11. d3 b5 12. Rb1 e6 13. dxe6 fxe6 14. Ng5
e5 15. f4 Nc6 16. c3 Rae8 17. Qf2 exf4 18. Ne4 f3 19. g4 Ne5 20. Qg3 Nxd3 21.
Qxd6 Qxd6 22. Nxd6 Re2 23. Nf5 gxf5 24. Rxf3 Nxc1 25. Rxc1 fxg4 26. Rxf8+ Bxf8
27. hxg4 Rxb2 28. a4 b4 29. cxb4 cxb4 30. Rc6 Ra2 31. Rb6 Rxa4 32. Rb8 a5 33.
Kf1 b3 34. Rxb3 Rb4 35. Rc3 a4 36. Rc8 a3 37. Ra8 Rb2 38. g5 a2 39. g6 hxg6 40.
Ke1 Rb1+ 41. Kd2 a1=Q 42. Rc8 Rb2+ 43. Ke3 Qa3+ 44. Kf4 Rb4+ 45. Kg5 Qg3+ 46.
Kf6 Rf4+ 47. Ke6 Qe3+ 48. Kd7 Rd4+ 49. Kc6 Qc3+ 50. Kb5 Rb4+ 51. Ka5 Qa3# 0-1

[Event "Victoria op Online"]
[Site "chess.com"]
[Date "2021.01.03"]
[Round "5.6"]
[White "Freitag, Matthew"]
[Black "Qiu, Andrew Yu"]
[Result "1-0"]
[WhiteElo "1312"]
[BlackElo "1516"]
[PlyCount "139"]
[EventDate "2021.01.02"]
[EventType "swiss (rapid)"]
[EventRounds "5"]
[EventCountry "CAN"]

1. e4 e5 2. Nf3 Nc6 3. Bc4 Bc5 4. c3 Nf6 5. d4 exd4 6. cxd4 Bb4+ 7. Nc3 Nxe4 8.
O-O Bxc3 9. d5 Ne5 10. bxc3 Nxc4 11. Qd4 O-O 12. Qxe4 Nd6 13. Qf4 b5 14. Qg3
Ne4 15. Qe5 Re8 16. Qd4 Qf6 17. Qxf6 Nxf6 18. d6 c5 19. Be3 c4 20. Nd4 a6 21.
a4 Ne4 22. Rfc1 Nxd6 23. axb5 Bb7 24. b6 Nb5 25. Nxb5 axb5 26. Ra7 Rxa7 27.
bxa7 f5 28. Ra1 Kf7 29. Bf4 Ke6 30. Bb8 Kd5 31. f4 Ba8 32. Rd1+ Ke6 33. Rd6+
Ke7 34. Rb6 d5 35. Rxb5 Kd7 36. Kf2 Kc6 37. Rb2 Kc5 38. Bc7 Rc8 39. Rb8 Rxc7
40. Rxa8 Kb6 41. Ke3 Rd7 42. Kd4 Kb7 43. Rh8 Kxa7 44. Rxh7 Kb6 45. Rh5 g6 46.
Rh6 Rd6 47. h4 Kc6 48. h5 gxh5 49. Rh8 h4 50. Rc8+ Kd7 51. Rc5 Ke6 52. Rc8 Rd7
53. Rh8 Rg7 54. Rxh4 Rxg2 55. Rh6+ Ke7 56. Kxd5 Rf2 57. Rh4 Kd7 58. Kxc4 Kc6
59. Kd4 Rd2+ 60. Ke5 Rd5+ 61. Kf6 Rd6+ 62. Kg5 Rd3 63. Kxf5 Rxc3 64. Kf6 Kd7
65. Kf7 Rc5 66. Rh6 Rf5+ 67. Rf6 Rxf6+ 68. Kxf6 Ke8 69. Kg7 Ke7 70. f5 1-0

[Event "Victoria op Online"]
[Site "chess.com"]
[Date "2021.01.03"]
[Round "5.7"]
[White "Kosinski, George"]
[Black "Fraser, Dylan"]
[Result "1-0"]
[WhiteElo "1855"]
[BlackElo "1691"]
[PlyCount "63"]
[EventDate "2021.01.02"]
[EventType "swiss (rapid)"]
[EventRounds "5"]
[EventCountry "CAN"]

1. c4 e5 2. g3 Nf6 3. Bg2 d5 4. cxd5 Nxd5 5. Nc3 Nxc3 6. bxc3 Qd7 7. Rb1 Bc5 8.
d3 Qf5 9. Nf3 O-O 10. O-O c6 11. Qb3 Nd7 12. Bb2 Nf6 13. e4 Qh5 14. d4 Bg4 15.
Nxe5 Bd6 16. Nxg4 Nxg4 17. h3 Nh6 18. e5 Bc7 19. Qxb7 Bb6 20. Qxc6 Rac8 21. Qf3
Qg6 22. Rbc1 Rcd8 23. g4 Qe6 24. Ba3 Rfe8 25. Bd6 f6 26. Qd5 Qxd5 27. Bxd5+ Kh8
28. f4 fxe5 29. fxe5 a5 30. Kg2 Ba7 31. g5 Ng8 32. Bf7 1-0

[Event "Victoria op Online"]
[Site "chess.com"]
[Date "2021.01.03"]
[Round "5.8"]
[White "Beddoes, Richard"]
[Black "Gray, Scott"]
[Result "1-0"]
[WhiteElo "1832"]
[BlackElo "1428"]
[PlyCount "77"]
[EventDate "2021.01.02"]
[EventType "swiss (rapid)"]
[EventRounds "5"]
[EventCountry "CAN"]

1. e4 c5 2. a3 g6 3. b4 Bg7 4. Nc3 Nf6 5. e5 Nh5 6. bxc5 d6 7. exd6 O-O 8. Nf3
Nc6 9. Be2 exd6 10. cxd6 Qxd6 11. O-O Bf5 12. Rb1 b6 13. d4 Nxd4 14. Nxd4 Qxd4
15. Nd5 Qxd1 16. Bxd1 Be4 17. Ne7+ Kh8 18. Re1 Bb7 19. c4 Ba6 20. Bf3 Rad8 21.
Nc6 Rd7 22. Bd5 Nf6 23. Ne5 Re7 24. Nxg6+ fxg6 25. Rxe7 Rc8 26. Be6 Rc6 27. Bb2
Bxc4 28. Bxc4 Rxc4 29. Rd1 Rc8 30. Rxa7 Nh5 31. Bxg7+ Nxg7 32. g4 h5 33. Rdd7
Ne6 34. gxh5 gxh5 35. Re7 Nf4 36. Rh7+ Kg8 37. Rag7+ Kf8 38. Rh8+ Kxg7 39. Rxc8
1-0

[Event "Victoria op Online"]
[Site "chess.com"]
[Date "2021.01.03"]
[Round "5.9"]
[White "Caluza, Severo (Juni)"]
[Black "Qin, Kaiqi"]
[Result "1/2-1/2"]
[WhiteElo "1728"]
[BlackElo "1219"]
[PlyCount "42"]
[EventDate "2021.01.02"]
[EventType "swiss (rapid)"]
[EventRounds "5"]
[EventCountry "CAN"]

1. Nf3 d5 2. e3 c5 3. b3 Nf6 4. Bb2 e6 5. Bb5+ Bd7 6. Bxd7+ Nbxd7 7. O-O g6 8.
Ne5 Nxe5 9. Bxe5 Bg7 10. d4 cxd4 11. Qxd4 O-O 12. Nd2 Nh5 13. Bxg7 Nxg7 14.
Rfd1 Nf5 15. Qe5 Qe7 16. e4 f6 17. Qb2 dxe4 18. Nxe4 e5 19. Rd5 Rfd8 20. Rad1
Rxd5 21. Rxd5 Rd8 1/2-1/2

[Event "Victoria op Online"]
[Site "chess.com"]
[Date "2021.01.03"]
[Round "5.10"]
[White "Soliven, Joe"]
[Black "Pangilinan, Emmanuel"]
[Result "1-0"]
[WhiteElo "2080"]
[BlackElo "1560"]
[PlyCount "139"]
[EventDate "2021.01.02"]
[EventType "swiss (rapid)"]
[EventRounds "5"]
[EventCountry "CAN"]

1. Nf3 d5 2. e3 e6 3. b3 f5 4. Bb2 Nf6 5. Be2 Bd6 6. c4 c6 7. O-O O-O 8. Nc3
Nbd7 9. Qc2 Ng4 10. d3 Nge5 11. Nxe5 Bxe5 12. f4 Bf6 13. d4 g6 14. Bf3 Rf7 15.
Ba3 Rg7 16. Rad1 b6 17. Kh1 Kh8 18. Rd2 Ba6 19. Rc1 Rc8 20. Na4 g5 21. g3 g4
22. Bg2 h5 23. Bd6 h4 24. Kg1 hxg3 25. hxg3 Rh7 26. Kf2 Kg7 27. Rdd1 Qe8 28.
Rh1 Rxh1 29. Rxh1 Qg6 30. Be5 Nxe5 31. dxe5 Be7 32. Nc3 Bc5 33. Ne2 b5 34. Nd4
bxc4 35. Qc3 Bxd4 36. exd4 cxb3 37. Qa5 Qf7 38. Qxa6 Qc7 39. axb3 Rb8 40. Qa4
Qb6 41. Rc1 Rc8 42. Rc5 Kg6 43. Bf1 Qb7 44. b4 Qb6 45. Qa5 Kf7 46. Qa6 Rc7 47.
b5 Ke7 48. Rxc6 Qxd4+ 49. Kg2 Rxc6 50. Qxc6 Qb2+ 51. Kh1 Qb1 52. Qd6+ Kf7 53.
Qd7+ Kf8 54. Kg1 Qe1 55. Qd6+ Kf7 56. Qa3 Kg6 57. Qd3 Qa1 58. Kf2 Qb2+ 59. Qe2
Qd4+ 60. Qe3 Qb2+ 61. Be2 d4 62. Qd3 Qb4 63. Bxg4 Qb2+ 64. Be2 Qa1 65. g4 Qh1
66. gxf5+ exf5 67. Qg3+ Kf7 68. Bc4+ Ke8 69. Qg8+ Kd7 70. Qd5+ 1-0

[Event "Victoria op Online"]
[Site "chess.com"]
[Date "2021.01.03"]
[Round "6.1"]
[White "Qiu, Peter Yong"]
[Black "Leong, Aiden"]
[Result "1-0"]
[WhiteElo "1533"]
[BlackElo "1289"]
[PlyCount "65"]
[EventDate "2021.01.02"]
[EventType "swiss (rapid)"]
[EventRounds "5"]
[EventCountry "CAN"]

1. e4 Nf6 2. e5 Nd5 3. d4 d6 4. exd6 cxd6 5. Nf3 Nc6 6. c4 Nb6 7. Be2 g6 8. O-O
Bg7 9. Nc3 O-O 10. h3 e5 11. Bg5 f6 12. Be3 Bf5 13. Qb3 exd4 14. Nxd4 Nxd4 15.
Bxd4 Be6 16. Rad1 Qc7 17. Bxb6 axb6 18. Nb5 Qc5 19. Nxd6 Rac8 20. Nxc8 Rxc8 21.
Rfe1 f5 22. Bf1 Kf7 23. Qe3 Qc6 24. b3 Bf8 25. g4 fxg4 26. Bg2 Qe8 27. Qf4+ Kg8
28. Bd5 Rc6 29. Bxc6 Qxc6 30. Rd8 Bf7 31. Re7 gxh3 32. Qxf7+ Kh8 33. Rxf8# 1-0

[Event "Victoria op Online"]
[Site "chess.com"]
[Date "2021.01.03"]
[Round "6.2"]
[White "Parpatt, Mark"]
[Black "Pitre, Hanniegn"]
[Result "1-0"]
[WhiteElo "1422"]
[BlackElo "1818"]
[PlyCount "57"]
[EventDate "2021.01.02"]
[EventType "swiss (rapid)"]
[EventRounds "5"]
[EventCountry "CAN"]

1. e4 d5 2. exd5 Nf6 3. d4 Bg4 4. f3 Bf5 5. g4 Bg6 6. c4 e6 7. g5 Bb4+ 8. Bd2
Nxd5 9. cxd5 Bxd2+ 10. Qxd2 O-O 11. Bd3 exd5 12. Bxg6 fxg6 13. f4 Re8+ 14. Ne2
Nc6 15. Nbc3 Qd7 16. O-O Ne7 17. Ng3 c6 18. Rae1 Qh3 19. Nd1 Nf5 20. Nf2 Qh4
21. Nxf5 gxf5 22. Re3 Qh5 23. Rfe1 Qf7 24. Qe2 Rxe3 25. Qxe3 Kf8 26. Qa3+ Kg8
27. Re7 Qh5 28. Rxb7 Re8 29. Re7 1-0

[Event "Victoria op Online"]
[Site "chess.com"]
[Date "2021.01.03"]
[Round "6.3"]
[White "Jayawardena, Dinusha"]
[Black "Freitag, Matthew"]
[Result "1-0"]
[WhiteElo "1629"]
[BlackElo "1312"]
[PlyCount "116"]
[EventDate "2021.01.02"]
[EventType "swiss (rapid)"]
[EventRounds "5"]
[EventCountry "CAN"]

1. d4 Nf6 2. Bg5 Ne4 3. Bf4 d5 4. f3 Nf6 5. Nc3 e6 6. e4 Bb4 7. e5 Nfd7 8. a3
Bxc3+ 9. bxc3 c5 10. h4 Nc6 11. Ne2 b5 12. g4 cxd4 13. Nxd4 Nxd4 14. cxd4 a6
15. Bd3 Nb6 16. Qd2 Nc4 17. Bxc4 bxc4 18. Kf2 Bd7 19. Bg5 Qc7 20. Qb4 Bc6 21.
Rab1 h6 22. Bd2 Kd7 23. Qc5 Bb5 24. Qxc7+ Kxc7 25. Rb2 Rab8 26. Rhb1 Rb7 27.
Ba5+ Kc8 28. a4 Bc6 29. Rxb7 Bxb7 30. Rb6 Kb8 31. Bb4 Rc8 32. Bd6+ Ka7 33. a5
Rc6 34. Rxc6 Bxc6 35. Bf8 g6 36. Bxh6 Ba4 37. c3 Kb7 38. Bf8 Kc6 39. Ke3 Kd7
40. h5 Ke8 41. Bb4 gxh5 42. gxh5 f5 43. exf6 Kf7 44. Be7 Be8 45. Kf4 Kg8 46. h6
Kh7 47. Bf8 Bf7 48. Ke5 Kg6 49. Bg7 Bg8 50. Kd6 Bf7 51. Ke7 Bg8 52. h7 Bxh7 53.
f7 Kxg7 54. f8=Q+ Kg6 55. Kxe6 Kg5 56. Qg7+ Bg6 57. f4+ Kh5 58. f5 Be8 1-0

[Event "Victoria op Online"]
[Site "chess.com"]
[Date "2021.01.03"]
[Round "6.4"]
[White "Beddoes, Richard"]
[Black "Kosinski, George"]
[Result "1-0"]
[WhiteElo "1832"]
[BlackElo "1855"]
[PlyCount "55"]
[EventDate "2021.01.02"]
[EventType "swiss (rapid)"]
[EventRounds "5"]
[EventCountry "CAN"]

1. e4 e5 2. Nf3 d6 3. Bc4 Be7 4. O-O Nd7 5. c3 Ngf6 6. d3 O-O 7. Re1 c6 8. Nbd2
Qc7 9. a4 b6 10. d4 d5 11. dxe5 Nxe4 12. Bd3 Nxd2 13. Qxd2 Nc5 14. Bc2 Ne6 15.
Qd3 g6 16. Bh6 Rd8 17. h4 Bd7 18. h5 Be8 19. Nh2 Rd7 20. Ng4 Qd8 21. f4 Nc5 22.
Qh3 Ne4 23. Bxe4 dxe4 24. Rxe4 Rd1+ 25. Re1 Rxa1 26. Rxa1 Bd7 27. Rd1 Qc8 28.
Rxd7 1-0

[Event "Victoria op Online"]
[Site "chess.com"]
[Date "2021.01.03"]
[Round "6.5"]
[White "Imoo, Joshua"]
[Black "Pollock, Joel"]
[Result "1-0"]
[WhiteElo "1678"]
[BlackElo "1657"]
[PlyCount "99"]
[EventDate "2021.01.02"]
[EventType "swiss (rapid)"]
[EventRounds "5"]
[EventCountry "CAN"]

1. e4 e6 2. d3 d5 3. Nd2 Nf6 4. Ngf3 b6 5. g3 dxe4 6. dxe4 Bc5 7. Bg2 Ba6 8. h3
Nc6 9. c3 O-O 10. Qa4 Bb7 11. O-O a6 12. Qc2 Nd7 13. Nc4 Be7 14. Rd1 Qe8 15.
Bf4 b5 16. Nce5 Ncxe5 17. Nxe5 Nxe5 18. Bxe5 c5 19. Bd6 Bxd6 20. Rxd6 Qe7 21.
Rad1 Rfd8 22. Qd2 Rxd6 23. Qxd6 Qxd6 24. Rxd6 e5 25. Rb6 Bc8 26. f4 f6 27. fxe5
fxe5 28. Rc6 Bb7 29. Rxc5 Re8 30. Rc7 Bc8 31. c4 bxc4 32. Rxc4 Be6 33. Ra4 Bc8
34. Ra5 Kf7 35. Bf1 Kf6 36. h4 Bb7 37. Bd3 Rd8 38. Ra3 Rd4 39. Kf2 Bxe4 40.
Bxe4 Rxe4 41. Rxa6+ Kf5 42. Kf3 h5 43. Ra7 Rg4 44. Ra5 Kf6 45. Ra3 Rb4 46. Rb3
Ra4 47. a3 Rg4 48. Rb4 Kf5 49. Rxg4 hxg4+ 50. Ke3 1-0

[Event "Victoria op Online"]
[Site "chess.com"]
[Date "2021.01.03"]
[Round "6.6"]
[White "Jose, Marionito"]
[Black "Soliven, Joe"]
[Result "1-0"]
[WhiteElo "1579"]
[BlackElo "2080"]
[PlyCount "131"]
[EventDate "2021.01.02"]
[EventType "swiss (rapid)"]
[EventRounds "5"]
[EventCountry "CAN"]

1. e4 c5 2. d4 cxd4 3. c3 d3 4. Bxd3 Nc6 5. Nf3 d6 6. h3 Nf6 7. Qe2 Qc7 8. O-O
h6 9. Bf4 e5 10. Be3 Be7 11. Rd1 Be6 12. Nbd2 Rd8 13. c4 b6 14. a3 O-O 15. Rac1
Nh5 16. Nf1 Nf4 17. Bxf4 exf4 18. Bb1 Bf6 19. b4 Ne5 20. Ba2 Rc8 21. N1d2 Nd7
22. Nf1 Rfd8 23. Nd4 Bxd4 24. Rxd4 Ne5 25. Nd2 Qe7 26. Nf3 Nc6 27. Rd2 a5 28.
b5 Nb8 29. Nd4 Rc5 30. Rcd1 Bc8 31. Nf3 Bb7 32. e5 Bxf3 33. Qxf3 Rxe5 34. Qxf4
Re4 35. Qf5 Re2 36. Bb1 g6 37. Qf4 Rxd2 38. Qxd2 Kh7 39. Re1 Qf6 40. Qe2 Nd7
41. Qe7 Kg7 42. Qxf6+ Kxf6 43. f4 Nc5 44. Kf2 Rc8 45. Kf3 Ne6 46. Ba2 Rc5 47.
g3 Rc8 48. Rd1 Ke7 49. Ke4 f5+ 50. Ke3 Nc5 51. Kf3 Kf7 52. Rxd6 Rb8 53. Ke3
Re8+ 54. Kf3 Rb8 55. g4 fxg4+ 56. hxg4 Rb7 57. Bb1 Ne6 58. f5 gxf5 59. Bxf5
Ng5+ 60. Kf4 Nh3+ 61. Kg3 Ng5 62. Rxh6 Re7 63. Kf4 Ne6+ 64. Rxe6 Rxe6 65. Bxe6+
Kxe6 66. Kg5 1-0

[Event "Victoria op Online"]
[Site "chess.com"]
[Date "2021.01.03"]
[Round "6.7"]
[White "Qiu, Andrew Yu"]
[Black "Kagaoan, Jose"]
[Result "0-1"]
[WhiteElo "1516"]
[BlackElo "1853"]
[PlyCount "97"]
[EventDate "2021.01.02"]
[EventType "swiss (rapid)"]
[EventRounds "5"]
[EventCountry "CAN"]

1. e4 a6 2. Nf3 h6 3. d4 d6 4. Be2 Nf6 5. Nc3 b5 6. a3 Bb7 7. e5 dxe5 8. dxe5
Qxd1+ 9. Bxd1 Nfd7 10. O-O e6 11. Re1 Nc6 12. Bf4 O-O-O 13. a4 b4 14. Na2 Nc5
15. c3 Nd3 16. Re4 Nxb2 17. Bc2 b3 18. Bxb3 Na5 19. Rd4 Nxb3 20. Rxd8+ Kxd8 21.
Rb1 Ba3 22. Nb4 Be4 23. Re1 Bxf3 24. gxf3 Bxb4 25. cxb4 c5 26. bxc5 Kc7 27. Rb1
Nd3 28. Be3 Nbxc5 29. a5 Rb8 30. Rd1 Kc6 31. Kg2 Rb5 32. Bd2 Nxe5 33. Bc3 f6
34. Rd8 Nxf3 35. Kxf3 Rb3 36. Rc8+ Kd5 37. Rg8 Rxc3+ 38. Ke2 Rc2+ 39. Kd1 Rxf2
40. Rxg7 Rxh2 41. Rg8 Ra2 42. Rg6 Rxa5 43. Rxf6 Ra2 44. Rxh6 e5 45. Rh8 e4 46.
Ke1 e3 47. Rd8+ Kc4 48. Re8 Nd3+ 49. Kd1 0-1

[Event "Victoria op Online"]
[Site "chess.com"]
[Date "2021.01.03"]
[Round "6.8"]
[White "Qin, Kaiqi"]
[Black "Machado de Oliveira, Nicolau"]
[Result "1-0"]
[WhiteElo "1219"]
[BlackElo "1741"]
[PlyCount "59"]
[EventDate "2021.01.02"]
[EventType "swiss (rapid)"]
[EventRounds "5"]
[EventCountry "CAN"]

1. d4 f5 2. Bg5 Nf6 3. Bxf6 exf6 4. Nf3 d5 5. e3 Bd6 6. c4 dxc4 7. Bxc4 Qe7 8.
Nh4 g6 9. Qb3 Nc6 10. a3 Kf8 11. Nc3 Na5 12. Qa4 Nxc4 13. Qxc4 c6 14. d5 Bd7
15. Rd1 Rc8 16. Nf3 Kg7 17. Nd4 Rhe8 18. Qd3 cxd5 19. Nxd5 Qe5 20. Nc3 f4 21.
Nf3 Rxc3 22. bxc3 Qa5 23. Qxd6 Bb5 24. Qb4 Qb6 25. Qxf4 f5 26. Qd4+ Qxd4 27.
cxd4 Kf6 28. Kd2 Rc8 29. Rc1 Bc6 30. d5 1-0

[Event "Victoria op Online"]
[Site "chess.com"]
[Date "2021.01.03"]
[Round "6.9"]
[White "Gao, Justin"]
[Black "Caluza, Severo (Juni)"]
[Result "0-1"]
[WhiteElo "1415"]
[BlackElo "1728"]
[PlyCount "152"]
[EventDate "2021.01.02"]
[EventType "swiss (rapid)"]
[EventRounds "5"]
[EventCountry "CAN"]

1. e4 c5 2. Nf3 d6 3. d4 cxd4 4. Nxd4 Nf6 5. Nc3 a6 6. Be3 Bd7 7. Bd3 Nc6 8.
O-O e6 9. Qd2 Be7 10. Rad1 O-O 11. Rfe1 Rc8 12. a3 Nxd4 13. Bxd4 e5 14. Be3 Nh5
15. Nd5 Bc6 16. Qe2 Nf6 17. c4 Nxd5 18. exd5 Ba4 19. Rc1 f5 20. f4 e4 21. Bc2
Be8 22. Qf2 Rxc4 23. Bb3 Rxc1 24. Rxc1 Bf6 25. Bb6 Qd7 26. Rc7 Qb5 27. Qe3 Rf7
28. a4 Qd3 29. Rxf7 Kxf7 30. Kf2 Bxb2 31. Qxd3 exd3 32. g3 Bc3 33. Ke3 d2 34.
Bd1 Kf6 35. Bd8+ Kf7 36. Bb6 Ke7 37. a5 Bb5 38. Ba7 Bc4 39. Bd4 Bxa5 40. Bxg7
Bxd5 41. Bd4 b5 42. Bb2 Bc4 43. Bd4 Ke6 44. Bb2 Bb4 45. Bd4 a5 46. Bb2 a4 47.
Bd4 a3 48. Bg7 Kf7 49. Bh8 h6 50. Ba1 Ba5 51. Bh5+ Ke6 52. Bd1 b4 53. Kxd2 b3+
54. Kc1 b2+ 55. Bxb2 axb2+ 56. Kxb2 Kf6 57. Bh5 Bf1 58. g4 d5 59. Kc2 d4 60.
Kd1 Bh3 61. gxf5 Kxf5 62. Ke2 Kxf4 63. Kd3 Bb6 64. Bd1 Bf5+ 65. Kd2 Ba5+ 66.
Kc1 Ke3 67. h4 d3 68. h5 Be4 69. Kb2 Bf3 70. Ba4 d2 71. Ka3 Kd4 72. Bc2 Kc3 73.
Bb3 Bb4+ 74. Ka2 Bd5 75. Ka1 Bxb3 76. Kb1 d1=Q# 0-1

[Event "Victoria op Online"]
[Site "chess.com"]
[Date "2021.01.03"]
[Round "6.10"]
[White "Koukpari, Tiam"]
[Black "Jaspal, Harleen Singh"]
[Result "1/2-1/2"]
[WhiteElo "1725"]
[BlackElo "1348"]
[PlyCount "119"]
[EventDate "2021.01.02"]
[EventType "swiss (rapid)"]
[EventRounds "5"]
[EventCountry "CAN"]

1. d4 d5 2. Bf4 c6 3. Nf3 Bf5 4. e3 e6 5. Bd3 Bg4 6. Nbd2 Nf6 7. c4 Qb6 8. b3
Bb4 9. Be2 Ne4 10. O-O Nc3 11. Qe1 Qa5 12. a3 Nxe2+ 13. Qxe2 Bc3 14. Ra2 Bxd2
15. Qxd2 Qxd2 16. Nxd2 Nd7 17. Bd6 Nf6 18. c5 Kd7 19. b4 h5 20. a4 a6 21. Rb2
Ra7 22. h3 Bf5 23. f3 h4 24. Kf2 Ne8 25. Bf4 f6 26. e4 Bh7 27. Re1 g5 28. Be3
Nc7 29. Ke2 Raa8 30. Kd3 Rhg8 31. Kc3 f5 32. exf5 exf5 33. Nb3 Rge8 34. Rbe2 f4
35. Bd2 Rxe2 36. Rxe2 Re8 37. Rxe8 Nxe8 38. Be1 Ng7 39. Bf2 Nf5 40. Nd2 Ng7 41.
Nb3 Ne6 42. Na5 Kc7 43. Nb3 Kd7 44. Nc1 Nd8 45. Kd2 Ke6 46. Ne2 Kd7 47. Nc3 Ne6
48. b5 axb5 49. axb5 Nc7 50. b6 Nb5 51. Nxb5 cxb5 52. Be1 Kc6 53. Ke2 Bc2 54.
Bd2 Bb1 55. Bb4 Bg6 56. Kd2 Bb1 57. Ke1 Bd3 58. Kf2 Kd7 59. Bd2 Kc6 60. Bc3
1/2-1/2

[Event "Voïvode Draculea-ch"]
[Site "Quebec CAN"]
[Date "2021.05.28"]
[Round "1"]
[White "Caire, Francois"]
[Black "Grenier, Jean-Michel"]
[Result "1-0"]
[WhiteElo "2193"]
[BlackElo "1646"]
[PlyCount "91"]
[EventDate "2021.05.28"]
[EventType "tourn (rapid)"]
[EventRounds "5"]
[EventCountry "CAN"]

1. b4 Nf6 2. Bb2 e6 3. b5 d5 4. e3 Bd7 5. Nf3 c5 6. Ne5 Be7 7. Be2 O-O 8. O-O
Qc7 9. f4 a6 10. a4 Be8 11. c4 Nbd7 12. bxa6 bxa6 13. cxd5 exd5 14. Bf3 Rb8 15.
Qc2 Qb6 16. Ba3 Qb3 17. Rc1 Qxc2 18. Rxc2 Nxe5 19. fxe5 Ne4 20. Bxe4 dxe4 21.
Rc4 f5 22. exf6 Bxf6 23. Nc3 Bg6 24. Rxc5 Rfd8 25. Bc1 Rd3 26. Rb1 Rxb1 27.
Nxb1 Be7 28. Rc4 a5 29. Nc3 Bb4 30. Nxe4 Bxe4 31. Rxe4 Bxd2 32. Bxd2 Rxd2 33.
Re5 Re2 34. Kf1 Ra2 35. Rxa5 Ra3 36. Kf2 g6 37. Ra7 h6 38. a5 g5 39. a6 h5 40.
Ra8+ Kg7 41. a7 Kh7 42. Kf3 Ra4 43. e4 Kg7 44. e5 Rf4+ 45. Ke3 Ra4 46. e6 1-0

[Event "Voïvode Draculea-ch"]
[Site "Quebec CAN"]
[Date "2021.05.28"]
[Round "1"]
[White "Michel, Andie"]
[Black "Adam, Sebastien"]
[Result "0-1"]
[WhiteElo "1187"]
[BlackElo "1407"]
[PlyCount "108"]
[EventDate "2021.05.28"]
[EventType "tourn (rapid)"]
[EventRounds "5"]
[EventCountry "CAN"]

1. e4 c5 2. Nf3 d6 3. Nc3 e6 4. d4 cxd4 5. Nxd4 a6 6. Bd3 Nf6 7. Bg5 Be7 8. O-O
O-O 9. Nb3 Nc6 10. a3 Ne5 11. Re1 b5 12. Bf4 Nxd3 13. Qxd3 e5 14. Bc1 Bb7 15.
Bd2 Rc8 16. Nd5 Nxd5 17. exd5 f5 18. Rad1 e4 19. Qd4 Rxc2 20. Ba5 Qc8 21. h3
Bf6 22. Qb6 Qd7 23. Rd2 Rxd2 24. Nxd2 Bxb2 25. Qc7 Qxc7 26. Bxc7 Bxa3 27. Nb3
Rc8 28. Ba5 Bxd5 29. Nd4 g6 30. g4 Bc5 31. Rd1 Bxd4 32. Rxd4 Rc1+ 33. Kh2 Bf7
34. Rxd6 fxg4 35. hxg4 Rc2 36. Kg3 Ra2 37. Rxa6 b4 38. g5 Bd5 39. Ra7 b3 40.
Kf4 b2 41. Ke5 b1=Q 42. Kxd5 Qd3+ 43. Ke5 Rxa5+ 44. Rxa5 Qc3+ 45. Kxe4 Qxa5 46.
Ke3 Qxg5+ 47. Kd4 Qf4+ 48. Kd5 Kf7 49. Kc5 Ke6 50. Kb5 Kd5 51. Ka5 Kc5 52. Ka6
Qb4 53. Ka7 Kc6 54. Ka8 Qb7# 0-1

[Event "Voïvode Draculea-ch"]
[Site "Quebec CAN"]
[Date "2021.05.28"]
[Round "1"]
[White "Potvin, Alain-Nicolas"]
[Black "Adam, Rafael"]
[Result "0-1"]
[WhiteElo "1676"]
[BlackElo "1938"]
[PlyCount "78"]
[EventDate "2021.05.28"]
[EventType "tourn (rapid)"]
[EventRounds "5"]
[EventCountry "CAN"]

1. d4 Nf6 2. Bf4 g6 3. Nf3 Bg7 4. e3 d6 5. Be2 O-O 6. O-O Nc6 7. c4 a6 8. Nc3
Nh5 9. Bg5 h6 10. Bh4 g5 11. Nd2 Nf6 12. Bg3 Bf5 13. a3 e5 14. d5 Ne7 15. e4
Bd7 16. f3 Ng6 17. Bf2 Nh5 18. g4 Nhf4 19. Be3 h5 20. c5 hxg4 21. fxg4 Bf6 22.
cxd6 cxd6 23. Rc1 b5 24. Bf3 Nh4 25. Bxf4 exf4 26. h3 Qb6+ 27. Kh1 Rac8 28. Qe2
Rc7 29. Rc2 Rfc8 30. Rfc1 Bd4 31. Nb3 Be3 32. Na2 Bxc1 33. Rxc7 Qxc7 34. Naxc1
Qc2 35. Qf1 b4 36. Bd1 Qxb2 37. axb4 Bb5 38. Qg1 Rxc1 39. Nxc1 Qxc1 0-1

[Event "Voïvode Draculea-ch"]
[Site "Quebec CAN"]
[Date "2021.05.28"]
[Round "2"]
[White "Adam, Rafael"]
[Black "Adam, Sebastien"]
[Result "1-0"]
[WhiteElo "1938"]
[BlackElo "1407"]
[PlyCount "103"]
[EventDate "2021.05.28"]
[EventType "tourn (rapid)"]
[EventRounds "5"]
[EventCountry "CAN"]

1. d4 Nf6 2. c4 d6 3. g3 Nbd7 4. Bg2 c6 5. Nc3 e6 6. Nf3 Be7 7. O-O O-O 8. e4
e5 9. d5 Nc5 10. Qe2 cxd5 11. cxd5 b6 12. b4 Na6 13. a3 Nc7 14. Bg5 h6 15. Bxf6
Bxf6 16. Rfc1 Qd7 17. a4 Rb8 18. Rc2 Na6 19. Rb1 Nc7 20. Rbc1 a6 21. b5 a5 22.
Nd1 Ne8 23. Rc6 Bd8 24. Ne3 Bb7 25. R6c3 Nf6 26. Nd2 Ne8 27. h4 g6 28. Kh2 Bc8
29. Rc6 Bb7 30. Bh3 Qe7 31. R6c3 Kh7 32. h5 Ng7 33. hxg6+ fxg6 34. Bc8 Bxc8 35.
Rxc8 Rxc8 36. Rxc8 Bc7 37. Rxf8 Qxf8 38. Kg2 Bd8 39. Nf3 Qf6 40. Qc4 Qe7 41.
Qc6 Qc7 42. Nc4 Qxc6 43. bxc6 Ne8 44. Nfd2 Bc7 45. Nb1 Nf6 46. Nc3 Ne8 47. Nb5
Bd8 48. Nbxd6 Nxd6 49. Nxd6 Kg7 50. Ne8+ Kf7 51. c7 Kxe8 52. c8=Q 1-0